Uplatňovanie duálneho vzdelávania na Slovensku (právno-ekonomický pohľad) bakalárska práca

Saved in:
Bibliographic Details
Main Author: Petríková, Nina
Corporate Authors: Ekonomická univerzita v Bratislave. Národohospodárska fakulta, Univerzita Komenského v Bratislave. Právnická fakulta
Other Authors: Poláková, Zdenka
Format: Book
Language:Slovak
Published: Bratislava 2018
Tags: Add Tag
No Tags, Be the first to tag this record!

MARC

LEADER 00000nbm a2200000 4500
001 0245972
005 20181214122821.4
041 0 |a slo 
044 |a SK 
245 1 0 |a Uplatňovanie duálneho vzdelávania na Slovensku (právno-ekonomický pohľad)  |b bakalárska práca  |c Nina Petríková ; školiteľ: Zdenka Poláková 
264 1 |a Bratislava  |c 2018 
300 |a 53 s. 
100 1 |a Petríková, Nina 
700 1 |a Poláková, Zdenka 
710 2 |a Ekonomická univerzita v Bratislave. Národohospodárska fakulta 
710 2 |a Univerzita Komenského v Bratislave. Právnická fakulta